[Event "Begonia op 58th"]
[Site "Ballarat"]
[Date "2024.03.09"]
[Round "1"]
[White "Radovanovic, Mihajlo"]
[Black "Maria, Alistair"]
[Result "1-0"]
[WhiteElo "2464"]
[BlackElo "1835"]
[PlyCount "83"]
[EventDate "2024.03.09"]
[EventType "swiss"]
[EventRounds "7"]
[EventCountry "AUS"]
[SourceTitle "CB11_2024"]
[SourceDate "2024.03.13"]
[SourceVersion "1"]
[SourceVersionDate "2024.03.13"]
[SourceQuality "1"]

1. Nf3 Nf6 2. c4 c5 3. Nc3 Nc6 4. d4 cxd4 5. Nxd4 g6 6. Nc2 Bg7 7. e4 d6 8. Be2 Bd7 9. 0-0 Rc8 10. Be3 0-0 11. f3 Ne8 12. Qd2 f5 13. exf5 Bxf5 14. Rac1 Qd7 15. b3 Nc7 16. Rfe1 Ne6 17. Bf1 Bxc2 18. Qxc2 Ned4 19. Qd1 b6 20. Bd3 Nf5 21. Bf2 Be5 22. Be4 Nb4 23. Qd2 Nc6 24. f4 Bg7 25. Bd5+ Kh8 26. Be6 Qb7 27. Bxc8 Qxc8 28. Re4 e5 29. Nd5 Bh6 30. Rce1 Nfd4 31. Rxd4 exd4 32. Bxd4+ Nxd4 33. Qxd4+ Bg7 34. Qe3 Qc5 35. Qxc5 dxc5 36. Re7 Bd4+ 37. Kf1 Ra8 38. Ke2 Kg8 39. g4 a5 40. a4 Rf8 41. Kf3 Rf7 42. Re6 1-0

[Event "Adelaide Lidums op"]
[Site "Adelaide"]
[Date "2019.12.07"]
[Round "2"]
[White "Xing, Zerui Ryan"]
[Black "Maria, Alistair"]
[Result "1-0"]
[WhiteElo "1453"]
[BlackElo "1071"]
[PlyCount "93"]
[EventDate "2019.12.07"]
[EventType "swiss"]
[EventRounds "9"]
[EventCountry "AUS"]
[SourceTitle "CBM 193 Extra"]
[Source "ChessBase"]
[SourceDate "2020.01.31"]
[SourceVersion "1"]
[SourceVersionDate "2020.01.31"]
[SourceQuality "1"]

1. e4 c5 2. Nf3 Nc6 3. Bb5 d6 4. d4 a6 5. Bxc6+ bxc6 6. dxc5 Qa5+ 7. Nc3 Qxc5 8. 0-0 g6 9. Be3 Qa5 10. Qd2 Qc7 11. Ne2 Bg7 12. Rab1 Bg4 13. Ne1 Bxe2 14. Qxe2 Nf6 15. f3 0-0 16. Nd3 Nd7 17. f4 Rab8 18. Rf3 Nf6 19. f5 Nxe4 20. Qe1 c5 21. Rh3 h6 22. Bxh6 Bxh6 23. Rxh6 Kg7 24. Qh4 Rh8 25. Rxh8 Rxh8 26. Qxe4 d5 27. Qe5+ Qxe5 28. Nxe5 Kf6 29. Nd7+ Kxf5 30. Nxc5 Rc8 31. b4 a5 32. a3 Ke5 33. Kf2 Kd4 34. Ke2 Kc3 35. Kd1 Rh8 36. h3 Rh4 37. g4 Rxh3 38. Rb3+ Kc4 39. Rxh3 axb4 40. axb4 Kxb4 41. Rh7 Kxc5 42. Rxf7 Kd6 43. Rg7 Ke6 44. Rxg6+ Kf7 45. Rg5 Kf6 46. Rxd5 e6 47. Ra5 1-0